[Event "5th Kolkata Open"]
[Site "Kolkata IND"]
[Date "2012.12.09"]
[Round "7"]
[White "Paragua,M"]
[Black "Narayanan,SL"]
[Result "1/2-1/2"]
[WhiteTitle "GM"]
[WhiteElo "2533"]
[BlackElo "2373"]
[WhiteFideId "5201241"]
[BlackFideId "5058422"]
[EventDate "2012.12.03"]

1. e4 e5 2. Nf3 Nc6 3. Bb5 a6 4. Ba4 Nf6 5. O-O Be7 6. d3 b5 7. Bb3 O-O 8. Nc3
d6 9. a3 Bg4 10. Be3 Nd4 11. Bxd4 exd4 12. Nd5 c5 13. Re1 Rc8 14. h3 Bxf3 15.
Nxe7+ Qxe7 16. Qxf3 c4 17. Ba2 Nd7 18. dxc4 bxc4 19. Qe2 Ne5 20. f4 Ng6 21. g3
Qd7 22. Kh2 d5 23. exd5 Qxd5 24. Qe4 Qc5 25. b4 Qb6 26. Rad1 d3 27. Qe3 Qf6 28.
cxd3 cxd3 29. Rxd3 h5 30. f5 Qxf5 31. Rd5 Qf6 32. Re2 Rc3 33. Rd3 Rxd3 34. Qxd3
Ne5 35. Qd5 Re8 36. Kg2 h4 37. gxh4 Qg6+ 38. Kh1 Qg3 39. Qb3 Qf4 40. Kg2 Re6 41.
h5 Ng4 42. Qxe6 Qh2+ 43. Kf3 Qxh3+ 44. Kf4 fxe6 45. Bxe6+ Kf8 46. Bxg4 Qxa3 47.
Re4 Kf7 48. Rc4 1/2-1/2

[Event "5th Kolkata Open"]
[Site "Kolkata IND"]
[Date "2012.12.09"]
[Round "7"]
[White "Kunte,A"]
[Black "Ghosh,D"]
[Result "1/2-1/2"]
[WhiteTitle "GM"]
[BlackTitle "FM"]
[WhiteElo "2511"]
[BlackElo "2425"]
[WhiteFideId "5002265"]
[BlackFideId "5045207"]
[EventDate "2012.12.03"]

1. d4 d5 2. c4 c6 3. Nc3 Nf6 4. e3 a6 5. Nf3 b5 6. b3 Bg4 7. Qc2 e6 8. c5 Nbd7
9. Bb2 Bf5 10. Bd3 Bxd3 11. Qxd3 g6 12. a4 b4 13. Na2 a5 14. Qc2 Bg7 15. Nc1 Ne4
16. Nd3 Qe7 17. Nfe5 Bxe5 1/2-1/2

[Event "5th Kolkata Open"]
[Site "Kolkata IND"]
[Date "2012.12.09"]
[Round "7"]
[White "Soumya,Sw"]
[Black "Laxman,R"]
[Result "0-1"]
[WhiteTitle "WGM"]
[BlackTitle "GM"]
[WhiteElo "2268"]
[BlackElo "2456"]
[WhiteFideId "5016193"]
[BlackFideId "5005361"]
[EventDate "2012.12.03"]

1. e4 e5 2. Nf3 Nc6 3. Bb5 a6 4. Ba4 Nf6 5. O-O Be7 6. Re1 b5 7. Bb3 O-O 8. a4
b4 9. d4 d6 10. dxe5 Nxe5 11. Nxe5 dxe5 12. Qf3 Bb7 13. Nd2 Kh8 14. g4 Qc8 15.
h3 Ne8 16. Nc4 f6 17. Na5 Nd6 18. Nxb7 Qxb7 19. Bd5 c6 20. Bb3 Qc7 21. Be3 Nb7
22. Rad1 Bc5 23. Bc4 a5 24. b3 Qe7 25. Rd2 Rad8 26. Red1 Bxe3 27. Qxe3 Rxd2 28.
Rxd2 Nc5 29. f3 g6 30. Re2 Rd8 31. Rd2 Rxd2 32. Qxd2 Qd7 33. Qxd7 Nxd7 34. Kf2
Kg7 35. Ke3 Kf8 36. Be6 Nc5 37. Bc4 g5 38. Kd2 Nb7 39. c3 c5 40. cxb4 cxb4 41.
Bd5 Nc5 42. Ke3 Ke7 43. Bg8 h6 44. Bd5 Kd6 45. Bf7 Nd7 46. Kd3 Kc5 47. Ke3 Nb6
48. Kd3 Nc8 49. Be6 Ne7 50. Bf7 Nc6 51. Bd5 Nd4 52. Ke3 f5 53. gxf5 Nxf5+ 54.
exf5 Kxd5 55. Kd3 Kc5 56. Ke3 Kc6 57. Ke4 Kd6 58. f6 Ke6 59. f7 Kxf7 60. Kxe5
Kg6 61. Kd5 Kf5 62. Kc5 Ke5 63. Kb5 Kd4 64. Kxa5 Kc3 65. Kb6 Kxb3 66. a5 Kc4 67.
a6 b3 68. a7 b2 69. a8=Q b1=Q+ 70. Kc7 Qg6 71. Qa2+ Kd4 72. Qa3 Qf7+ 73. Kd8
Qf6+ 74. Ke8 Ke5 75. Qc3+ Kf5 76. Qd3+ Kf4 77. Qe4+ Kg3 78. Qg4+ Kf2 79. Qh5 Kg3
80. Qg4+ Kh2 81. Kd7 Qf4 82. Qh5 Qf5+ 83. Kd6 Qxh3 84. Qf7 Qg3+ 85. Kd5 Kg2 86.
Ke4 h5 87. Qa2+ Qf2 88. Qb3 h4 89. Qc3 h3 90. Qf6 g4 91. f4 h2 0-1

[Event "5th Kolkata Open"]
[Site "Kolkata IND"]
[Date "2012.12.09"]
[Round "7"]
[White "Rathnakaran,K"]
[Black "Fominyh,A"]
[Result "1/2-1/2"]
[WhiteTitle "IM"]
[BlackTitle "GM"]
[WhiteElo "2435"]
[BlackElo "2455"]
[WhiteFideId "5005507"]
[BlackFideId "4100590"]
[EventDate "2012.12.03"]

1. e4 c5 2. Nf3 d6 3. d4 cxd4 4. Nxd4 Nf6 5. Nc3 Nc6 6. Be3 Bd7 7. Be2 Nxd4 8.
Bxd4 Bc6 9. Bf3 e6 10. Qe2 Be7 11. g4 h6 12. O-O-O Qa5 13. h4 O-O-O 14. Qe3 Kb8
15. e5 dxe5 16. Qxe5+ Qxe5 17. Bxe5+ Kc8 18. Bxc6 bxc6 19. f3 Rhg8 20. Ne4 Rxd1+
21. Kxd1 Rd8+ 22. Ke2 Ne8 23. c4 f6 24. Bc3 f5 25. gxf5 exf5 26. Ng3 g6 27. h5
f4 28. Ne4 g5 29. b4 Nd6 30. Nxd6+ Rxd6 31. c5 Re6+ 32. Kd2 Bf6 33. Bxf6 Rxf6
34. Re1 Kd7 35. Kd3 Re6 36. Rxe6 Kxe6 37. Ke4 Kd7 38. Ke5 Kc7 39. a3 Kd7 40. Kf5
Ke7 41. Ke5 Kd7 42. Kf5 Ke7 1/2-1/2

[Event "5th Kolkata Open"]
[Site "Kolkata IND"]
[Date "2012.12.09"]
[Round "7"]
[White "Sahoo,U"]
[Black "Grover,S"]
[Result "1/2-1/2"]
[BlackTitle "GM"]
[WhiteElo "2254"]
[BlackElo "2509"]
[WhiteFideId "5034566"]
[BlackFideId "5021103"]
[EventDate "2012.12.03"]

1. e4 e6 2. d4 d5 3. Nc3 Nf6 4. exd5 exd5 5. Bd3 Be7 6. Nge2 O-O 7. O-O Be6 8.
Nf4 Nc6 9. Be3 Qd7 10. Re1 a6 11. Nxe6 fxe6 12. f4 Ne8 13. Ne2 Nb4 14. Nc1 Nd6
15. Bf1 c5 16. dxc5 Nf5 17. Bf2 Qc7 18. Nd3 Nxd3 19. Bxd3 Bxc5 20. Qe2 Rae8 21.
c3 Nh6 22. g3 e5 23. Bxc5 Qxc5+ 24. Kh1 exf4 25. Qxe8 Rxe8 26. Rxe8+ Kf7 27.
Rae1 Ng4 28. Bxh7 f3 29. R8e7+ Qxe7 30. Rxe7+ Kxe7 31. Kg1 f2+ 32. Kf1 Nxh2+ 33.
Kxf2 Ke6 34. Bc2 Ng4+ 35. Kf3 Ne5+ 36. Kf4 Kf6 37. Ke3 Nc6 38. b4 Ke5 39. Ba4
Nd8 40. Bd7 Nf7 41. a4 b6 42. a5 bxa5 43. bxa5 Nd6 44. Kd3 Nc4 45. Bc8 Nxa5 46.
Bxa6 Nb3 47. Ke3 Nc5 48. Bd3 Na4 49. Kd2 Nb2 50. Ke3 Nd1+ 51. Kd2 Nf2 52. Ke3
Ng4+ 53. Kf3 Nf6 54. Ke3 Nd7 55. Be2 Nb6 56. Bb5 Nc8 57. Ba6 Nd6 58. Bd3 Nb7 59.
Ba6 Nc5 60. Bd3 Na4 61. Kd2 g5 62. Bc2 Nb2 63. Bd3 Kd6 64. Ke3 Kc5 65. Be2 Nc4+
66. Bxc4 Kxc4 67. Kd2 g4 68. Kc2 d4 1/2-1/2

[Event "5th Kolkata Open"]
[Site "Kolkata IND"]
[Date "2012.12.09"]
[Round "7"]
[White "Udeshi,A"]
[Black "Akshayraj,K"]
[Result "1/2-1/2"]
[WhiteTitle "IM"]
[BlackTitle "IM"]
[WhiteElo "2376"]
[BlackElo "2459"]
[WhiteFideId "5021740"]
[BlackFideId "5012414"]
[EventDate "2012.12.03"]

1. e4 e5 2. Nf3 Nc6 3. Bc4 Nf6 4. d3 Bc5 5. c3 O-O 6. Bb3 d5 7. Qe2 Bg4 8. Nbd2
Re8 9. h3 Bh5 10. Nf1 dxe4 11. dxe4 Nd4 12. cxd4 exd4 13. Bc2 Nxe4 14. Bxe4 d3
15. Bxd3 Rxe2+ 16. Kxe2 Qf6 17. Ne3 Bd4 18. Rd1 c5 19. Rb1 Re8 20. b4 c4 21.
Bxc4 Qg6 22. Rxd4 Qxb1 23. Bd2 h6 24. Bb5 Rf8 25. g4 Bg6 26. Ne5 Qa1 27. Nxg6
Qxd4 28. Nxf8 Kxf8 29. a4 Qe4 30. Bc4 b6 31. Bd5 Qe5 32. a5 h5 33. a6 Qh2 34.
Bf3 Qxh3 35. gxh5 Qc8 36. b5 Qc5 37. Bc6 Qxh5+ 38. f3 Qe5 39. Kd3 Qf4 40. Nc4
Qf5+ 41. Kc3 Qf6+ 42. Kb3 Qd4 43. Bc3 Qd1+ 44. Kb2 Qe2+ 45. Nd2 Qd3 46. Nb3 Qe2+
47. Ka3 Kg8 48. Nd4 Qc4 49. Kb2 g6 50. Nc2 Kh7 51. Bd4 Qa4 52. Be5 Qh4 53. f4
Qd8 54. Kc3 f6 55. Bd4 Qc7 56. Be3 Qe7 57. Kd3 Qd6+ 58. Nd4 Qa3+ 59. Ke2 Qa2+
60. Kf3 Qb1 61. Kg2 Qa2+ 62. Bf2 Qd2 63. Nf3 Qa2 64. Kg3 Qa3 65. Bd4 Qe7 66. Bf2
Qa3 67. Be1 Kg7 68. Bd2 Qd6 69. Be3 Qa3 70. Kf2 Qa2+ 71. Nd2 Qa1 72. Ne4 Qa2+
73. Kf3 Qa1 74. Kg2 Qa2+ 75. Bf2 Qc4 76. Ng3 Qa4 77. Nf1 Kh7 78. Kf3 Qd1+ 79.
Kg2 Qa4 80. Kg3 Qa3+ 81. Ne3 Kg7 82. Kg2 Qa2 83. Nd5 Qe2 84. Kg3 Qd3+ 85. Be3
Kf7 86. Kf2 Qc2+ 87. Ke1 Qb1+ 88. Kd2 Qb2+ 89. Kd3 Qb1+ 90. Ke2 Qc2+ 91. Kf1
Qd1+ 92. Kf2 Qc2+ 93. Kg3 Qd3 94. Kg2 Qe4+ 95. Kf1 Qb1+ 96. Ke2 Qc2+ 97. Kf3
Qd1+ 98. Kg2 Qe2+ 99. Bf2 Qg4+ 100. Kh2 Qe2 101. Kg3 Qd3+ 102. Ne3 Kg7 103. Kg2
Qe2 104. Nf1 Qg4+ 105. Ng3 1/2-1/2

[Event "5th Kolkata Open"]
[Site "Kolkata IND"]
[Date "2012.12.09"]
[Round "7"]
[White "Dimakiling,O"]
[Black "Anurag,M"]
[Result "1-0"]
[WhiteTitle "IM"]
[BlackTitle "FM"]
[WhiteElo "2453"]
[BlackElo "2370"]
[WhiteFideId "5202248"]
[BlackFideId "5024366"]
[EventDate "2012.12.03"]

1. Nf3 d5 2. d4 Nf6 3. Bg5 Ne4 4. Bh4 c5 5. dxc5 Qa5+ 6. Nbd2 Nc6 7. c3 Qxc5 8.
e3 Nxd2 9. Qxd2 Bg4 10. b4 Qd6 11. Bg3 Qd8 12. Nd4 e6 13. f3 Bh5 14. Nxc6 bxc6
15. Ba6 Qb6 16. Qe2 Rd8 17. h4 h6 18. Bf2 Bd6 19. e4 Qc7 20. exd5 cxd5 21. Bb5+
Ke7 22. O-O Qxc3 23. g4 Bg6 24. h5 Bh7 25. Bh4+ f6 26. Rfe1 e5 27. a3 Rc8 28.
Rad1 Bg8 29. Rd3 Qc2 30. Qe3 Rc7 31. f4 e4 32. Bg3 Bf7 33. Qd4 Rd8 34. g5 Kf8
35. gxh6 a6 36. h7 Ke7 37. h6 axb5 38. hxg7 Rc4 39. Qa7+ Rd7 40. Qe3 Bb8 41. Rd2
Qa4 42. Bf2 Ba7 43. Qh3 1-0

[Event "5th Kolkata Open"]
[Site "Kolkata IND"]
[Date "2012.12.09"]
[Round "7"]
[White "Sangma,R"]
[Black "Himanshu,Sh"]
[Result "1/2-1/2"]
[WhiteTitle "IM"]
[BlackTitle "IM"]
[WhiteElo "2351"]
[BlackElo "2417"]
[WhiteFideId "5013615"]
[BlackFideId "5007836"]
[EventDate "2012.12.03"]

1. Nf3 Nf6 2. c4 c6 3. Nc3 d5 4. e3 a6 5. Qc2 Bg4 6. Ne5 Bh5 7. cxd5 Nxd5 8. Qb3
Nd7 9. Nxd5 Nc5 10. Qb6 Qxd5 11. d4 Rd8 12. f3 Nd7 13. Qxb7 Nxe5 14. dxe5 Bxf3
15. gxf3 Qxf3 16. Bd2 e6 17. Rc1 Qxh1 18. Ba5 Be7 19. Bxd8 Bxd8 20. Qxc6+ Qxc6
21. Rxc6 a5 22. a3 Bh4+ 23. Kd1 Kd7 24. Bb5 Rb8 25. a4 Bd8 26. Rb6+ Kc7 27. Rd6
Rb7 28. Rd7+ Kc8 29. Rxb7 Kxb7 30. Be8 f6 31. Bd7 fxe5 32. Bxe6 Kc6 33. e4 Kc5
34. Ke2 Kd6 35. Bg8 h6 36. h3 Bb6 37. Kf3 Ke7 38. Kg4 Kf6 39. Bc4 g6 40. Bb5 Bd4
41. b3 h5+ 42. Kf3 Bc3 43. Be8 Bb4 44. Bb5 Bc3 45. Be8 Bb4 46. Bb5 1/2-1/2

[Event "5th Kolkata Open"]
[Site "Kolkata IND"]
[Date "2012.12.09"]
[Round "7"]
[White "G.,A"]
[Black "Gusain,H"]
[Result "1/2-1/2"]
[WhiteTitle "IM"]
[WhiteElo "2404"]
[BlackElo "2339"]
[WhiteFideId "5040299"]
[BlackFideId "5033861"]
[EventDate "2012.12.03"]

1. e4 e5 2. Nf3 Nc6 3. Bb5 a6 4. Ba4 Nf6 5. O-O Be7 6. Re1 b5 7. Bb3 d6 8. c3
O-O 9. h3 Na5 10. Bc2 c5 11. d4 Nd7 12. b3 exd4 13. cxd4 Nc6 14. Nc3 cxd4 15.
Nd5 Nde5 16. Nxd4 Nxd4 17. Qxd4 Bf6 18. Kh1 Bb7 19. Be3 Bxd5 20. Qxd5 Nc6 21. e5
Nxe5 22. Be4 Rc8 23. Rad1 Qa5 24. Qd2 b4 25. Qe2 Ng6 26. Rd5 Qc7 27. Qxa6 Be5
28. Rdd1 Bc3 29. Rf1 f5 30. Bd5+ Kh8 31. Be6 Ra8 32. Qxd6 Qxd6 33. Rxd6 Rxa2 34.
Rb6 Ra5 35. f4 Re8 36. Bf7 Rd8 37. Rb7 Raa8 38. g3 Nf8 39. Kg2 g6 40. Kf3 Rd7
41. Rxd7 Nxd7 42. Be6 Nf8 43. Bc4 Rd8 44. g4 Kg7 45. gxf5 gxf5 46. Rg1+ Kf6 47.
Rg8 Rc8 48. Bf2 Ke7 49. Ke2 Bf6 50. Kd3 Rc7 51. Be3 Ne6 52. Rb8 Rd7+ 53. Ke2 Bc3
54. Rb6 Nd4+ 55. Kf1 Rd6 56. Rb7+ Rd7 57. Rb8 Rd8 58. Rb6 Rd6 59. Rb7+ Rd7 60.
Rb8 Rd8 61. Rxd8 Kxd8 62. Bg8 h6 63. Bf2 Kd7 64. Bc4 Ne6 65. Be3 Nd4 66. Kg2 Ke7
67. Bf2 Ne6 68. Kf3 Bd2 69. Be3 Bc3 70. Ke2 Kd6 71. Kf2 Nd4 72. Kg3 Be1+ 73. Bf2
Bxf2+ 74. Kxf2 Nc6 75. Ke3 Ne7 76. Kd4 Nc6+ 77. Ke3 Ne7 78. Kf3 Kc5 79. Ke3 Nd5+
80. Bxd5 Kxd5 81. Kd3 1/2-1/2

[Event "5th Kolkata Open"]
[Site "Kolkata IND"]
[Date "2012.12.09"]
[Round "7"]
[White "Saptarshi,R"]
[Black "Padhya,S"]
[Result "1-0"]
[WhiteTitle "IM"]
[WhiteElo "2402"]
[BlackElo "2236"]
[WhiteFideId "5008980"]
[BlackFideId "5079853"]
[EventDate "2012.12.03"]

1. e4 c5 2. Nf3 d6 3. Bc4 Nf6 4. d3 Nc6 5. h3 e6 6. Bb3 Be7 7. c3 O-O 8. O-O b6
9. Re1 Bb7 10. Nbd2 Rc8 11. Nf1 Ne5 12. Bc2 Nfd7 13. N3h2 d5 14. f4 Nc6 15. Bd2
dxe4 16. dxe4 c4 17. b4 cxb3 18. axb3 e5 19. Ng4 a5 20. Kh2 b5 21. Nfe3 Bh4 22.
Rf1 h5 23. Nh6+ gxh6 24. Qxh5 exf4 25. Nf5 Bg5 26. Bxf4 Nce5 27. Rad1 Rxc3 28.
Bxe5 Rxc2 29. Nxh6+ Bxh6 30. Qxh6 f6 31. Qg6+ Kh8 32. Rf4 fxe5 33. Qh6+ Kg8 34.
Rg4+ Kf7 35. Rg7+ 1-0

[Event "5th Kolkata Open"]
[Site "Kolkata IND"]
[Date "2012.12.09"]
[Round "7"]
[White "Sagar,S"]
[Black "Gokhale,C"]
[Result "1/2-1/2"]
[BlackTitle "IM"]
[WhiteElo "2393"]
[BlackElo "2236"]
[WhiteFideId "5022509"]
[BlackFideId "5001315"]
[EventDate "2012.12.03"]

1. c4 c5 2. g3 Nc6 3. Bg2 g6 4. Nc3 Bg7 5. Nf3 d6 6. O-O e5 7. a3 a5 8. Ne1 Nge7
9. Nc2 O-O 10. Ne3 Rb8 11. d3 Nd4 12. Bd2 Bd7 13. Rb1 a4 14. Nxa4 Nxe2+ 15. Qxe2
Bxa4 16. Nd5 Nf5 17. Bc3 Bb3 18. Bh3 Nd4 19. Bxd4 cxd4 20. Nb4 Qg5 21. Bd7 Qd8
22. Bb5 Qa5 23. Qe4 Rfc8 24. f4 Rc5 25. f5 Rxb5 26. cxb5 Qxb5 27. Qh4 Rc8 28.
Rbc1 Qd7 29. f6 Bf8 30. Rxc8 Qxc8 31. Qe4 Bh6 32. Nd5 Kf8 33. Qh4 Bxd5 34. Qxh6+
Ke8 35. Rc1 Qe6 36. Qxh7 Bc6 37. Qg8+ Kd7 38. Qf8 Qd5 39. Qe7+ Kc8 40. Rxc6+
bxc6 41. a4 Qb3 42. Kg2 Qxd3 43. Qe8+ Kb7 44. Qxf7+ Ka6 1/2-1/2

[Event "5th Kolkata Open"]
[Site "Kolkata IND"]
[Date "2012.12.09"]
[Round "7"]
[White "Gagare,Shar"]
[Black "Praneeth,S"]
[Result "1/2-1/2"]
[WhiteTitle "FM"]
[WhiteElo "2381"]
[BlackElo "2246"]
[WhiteFideId "5037883"]
[BlackFideId "5091411"]
[EventDate "2012.12.03"]

1. c4 Nf6 2. g3 g6 3. Bg2 Bg7 4. Nc3 O-O 5. Nf3 d6 6. O-O e5 7. d3 Nc6 8. Rb1 a5
9. a3 Nd4 10. b4 axb4 11. axb4 c6 12. b5 Bg4 13. bxc6 bxc6 14. Nxd4 exd4 15. Ne4
Nxe4 16. Bxe4 Qd7 17. Re1 Rfe8 18. Bf4 d5 19. cxd5 cxd5 20. Bf3 Bxf3 21. exf3 h5 1/2-1/2

[Event "5th Kolkata Open"]
[Site "Kolkata IND"]
[Date "2012.12.10"]
[Round "8"]
[White "Iordachescu,V"]
[Black "Swapnil,SD"]
[Result "1-0"]
[WhiteTitle "GM"]
[BlackTitle "IM"]
[WhiteElo "2619"]
[BlackElo "2438"]
[WhiteFideId "13900200"]
[BlackFideId "5019184"]
[EventDate "2012.12.03"]

1. e4 c6 2. d4 d5 3. e5 Bf5 4. Nf3 e6 5. Be2 c5 6. Be3 Qb6 7. Nc3 Nc6 8. Bb5 c4
9. Nh4 Ne7 10. a4 a6 11. a5 Qc7 12. b3 cxb3 13. cxb3 axb5 14. Nxb5 Qb8 15. Nd6+
Kd7 16. O-O Bg6 17. f4 Nf5 18. Nhxf5 exf5 19. Nc4 Ke6 20. Nb6 Bb4 21. Nxa8 Qxa8
22. Bd2 Be7 23. a6 bxa6 24. Qe2 Nb8 25. b4 Qb7 26. Rfb1 Qb5 27. Qxb5 axb5 28.
Rc1 f6 29. Ra7 Rd8 30. Rcc7 Rd7 31. Rxd7 Nxd7 32. Ra6+ Kf7 33. e6+ Ke8 34. exd7+
Kxd7 35. Rb6 Bf7 36. Rxb5 Kc7 37. Kf2 Bd6 38. g3 Be6 39. Ke3 Kc6 40. Ra5 Kb7 41.
b5 Bd7 42. b6 Kc6 43. b7 Bb8 44. Rc5+ Kxb7 45. Rxd5 Kc7 46. Ba5+ Kc6 47. Rc5+
Kb7 48. Rc1 Bc6 49. Bb4 Bc7 50. Bf8 g6 51. Be7 Bb6 52. Bxf6 Kc7 53. Bd8+ 1-0

[Event "5th Kolkata Open"]
[Site "Kolkata IND"]
[Date "2012.12.10"]
[Round "8"]
[White "Korobov,A"]
[Black "Debashis,D"]
[Result "1-0"]
[WhiteTitle "GM"]
[BlackTitle "IM"]
[WhiteElo "2702"]
[BlackElo "2464"]
[WhiteFideId "14105730"]
[BlackFideId "5024854"]
[EventDate "2012.12.03"]

1. d4 d5 2. c4 c6 3. Nc3 Nf6 4. Nf3 dxc4 5. a4 e6 6. e3 c5 7. Bxc4 Nc6 8. O-O
Be7 9. Qe2 cxd4 10. exd4 O-O 11. Rd1 Nb4 12. Ne5 Bd7 13. Bg5 Bc6 14. Nxc6 bxc6
15. a5 Nfd5 16. Bxe7 Qxe7 17. Na4 Rfd8 18. Nc5 Rab8 19. g3 Nf6 20. a6 Nd7 21.
Nb7 Re8 22. Qd2 h6 23. Re1 Nb6 24. Bf1 N6d5 25. Ra4 Qf8 26. Rc1 e5 27. dxe5 Rxe5
28. Qd4 Rbe8 29. Nc5 Re1 30. Rxe1 Rxe1 31. Rxb4 Nxb4 32. Qxb4 Rc1 33. Nd3 Qxb4
34. Nxb4 Kf8 35. Kg2 Ke7 36. b3 Kd6 37. Bc4 f6 38. Nd3 Ra1 39. Kf3 Rh1 40. h4 g5
41. hxg5 hxg5 42. Kg4 Rf1 43. Kf5 Ke7 44. Kg6 Rd1 45. Nb4 Rd6 46. Nc2 1-0

[Event "5th Kolkata Open"]
[Site "Kolkata IND"]
[Date "2012.12.10"]
[Round "8"]
[White "Vishnu,P"]
[Black "Sandipan,C"]
[Result "1-0"]
[WhiteTitle "IM"]
[BlackTitle "GM"]
[WhiteElo "2469"]
[BlackElo "2613"]
[WhiteFideId "5030692"]
[BlackFideId "5004225"]
[EventDate "2012.12.03"]

1. c4 e5 2. g3 Nf6 3. Bg2 d5 4. cxd5 Nxd5 5. Nc3 Nb6 6. Nf3 Nc6 7. O-O Be7 8. d3
O-O 9. a3 Be6 10. b4 f6 11. Bb2 Qd7 12. Ne4 a5 13. Nc5 Bxc5 14. bxc5 Nd5 15. Qb1
Rad8 16. Rd1 Bg4 17. d4 e4 18. Qxe4 Bf5 19. Qh4 Nce7 20. h3 Rfe8 21. e3 Ng6 22.
Qh5 Be4 23. Ne5 fxe5 24. Bxe4 Nf6 25. Qf5 Qb5 26. Rab1 Nxe4 27. Qxe4 Qe2 28. Re1
Qc4 29. Rec1 Qf7 30. dxe5 Rd2 31. Rf1 Qe6 32. Bc3 Ra2 33. Rxb7 Rxa3 34. Bd4 c6
35. Rfb1 a4 36. R1b6 Rf8 37. Qxc6 Qf5 38. Qe6+ Qxe6 39. Rxe6 Ra2 40. f4 Ra8 41.
Reb6 Rc2 42. e6 a3 43. Rb8+ 1-0

[Event "5th Kolkata Open"]
[Site "Kolkata IND"]
[Date "2012.12.10"]
[Round "8"]
[White "Shyam,SM"]
[Black "David,Alb"]
[Result "0-1"]
[WhiteTitle "IM"]
[BlackTitle "GM"]
[WhiteElo "2484"]
[BlackElo "2607"]
[WhiteFideId "5019141"]
[BlackFideId "4000013"]
[EventDate "2012.12.03"]

1. d4 Nf6 2. c4 b6 3. Nc3 Bb7 4. Qc2 e6 5. e4 Bb4 6. Bd3 c5 7. d5 b5 8. cxb5
exd5 9. exd5 Bxd5 10. Kf1 Bxc3 11. Qxc3 d6 12. Bg5 Nbd7 13. Ne2 h6 14. Bf4 O-O
15. Qd2 Ne5 16. Nc3 Bb7 17. Be2 Re8 18. f3 d5 19. Na4 Rc8 20. Rc1 Qd6 21. b4
cxb4 22. Rxc8 Rxc8 23. Qd4 Nfd7 24. Qxa7 Qc7 25. Qd4 Qc2 26. Nb2 Re8 27. Qd2
Qb1+ 28. Nd1 Nc5 29. Qb2 Qf5 30. Bxe5 Rxe5 31. Nf2 d4 32. Qxb4 Qc2 33. Bd1 Qxf2+
34. Kxf2 Nd3+ 35. Kg3 Rg5+ 36. Kh4 Nxb4 37. a4 Rxg2 38. a5 Nd3 39. a6 Nf4 0-1

[Event "5th Kolkata Open"]
[Site "Kolkata IND"]
[Date "2012.12.10"]
[Round "8"]
[White "Tiviakov,S"]
[Black "Laxman,R"]
[Result "1/2-1/2"]
[WhiteTitle "GM"]
[BlackTitle "GM"]
[WhiteElo "2663"]
[BlackElo "2456"]
[WhiteFideId "1008013"]
[BlackFideId "5005361"]
[EventDate "2012.12.03"]

1. e4 e5 2. Bc4 Nf6 3. d3 c6 4. Qe2 Be7 5. Nf3 O-O 6. c3 d5 7. Bb3 dxe4 8. dxe4
Qc7 9. Nh4 Na6 10. Bc2 g6 11. b4 Bg4 12. Nf3 Nb8 13. h3 Bxf3 14. Qxf3 Nbd7 15.
Bh6 Rfe8 16. O-O a5 17. Bb3 c5 18. b5 c4 19. Bc2 a4 20. Nd2 Nb6 21. Rfd1 Nh5 22.
Nf1 Nf4 23. Ne3 Bf8 24. Bxf8 Rxf8 25. g3 Nh5 26. Ng4 Qc5 27. Rab1 Kg7 28. Qe3
Qxe3 29. Nxe3 Rfd8 30. Rxd8 Rxd8 31. Rb4 Rd2 32. Kf1 Nf4 33. Ke1 Rxc2 34. Nxc2
Nd3+ 35. Kd2 Nxb4 36. cxb4 Nc8 37. Ne3 Nd6 38. f3 Nxb5 39. Nxc4 Kf6 40. Kd3 Ke6
41. Nb2 a3 42. Na4 Kd6 43. Nc3 Kc6 44. Kc4 Nd6+ 45. Kb3 b5 46. Nb1 Nc4 47. Kc3
f5 48. Nd2 Nb2 49. Kb3 Nd3 50. Kxa3 Nf2 51. h4 h5 52. Kb3 Kd6 53. a4 bxa4+ 54.
Kxa4 Nh1 55. exf5 gxf5 56. g4 fxg4 57. fxg4 Ng3 58. gxh5 Nxh5 59. Kb5 Kd5 60.
Ka6 e4 61. Nf1 Nf6 62. Ng3 e3 63. b5 Ke5 64. Kb7 Ne4 65. Ne2 Nd6+ 66. Kc6 Nxb5
67. Kxb5 Kf5 68. Kc4 Kg4 69. Kd3 Kxh4 70. Kxe3 1/2-1/2

[Event "5th Kolkata Open"]
[Site "Kolkata IND"]
[Date "2012.12.10"]
[Round "8"]
[White "Thejkumar,M"]
[Black "Gupta,Ab"]
[Result "1/2-1/2"]
[WhiteTitle "IM"]
[BlackTitle "GM"]
[WhiteElo "2442"]
[BlackElo "2662"]
[WhiteFideId "5009154"]
[BlackFideId "5010608"]
[EventDate "2012.12.03"]

1. d4 Nf6 2. c4 g6 3. Nc3 d5 4. Nf3 Bg7 5. Qb3 dxc4 6. Qxc4 O-O 7. e4 Be6 8. d5
Bc8 9. Be2 c6 10. O-O cxd5 11. exd5 Nbd7 12. Rd1 Ne8 13. Qb3 Nd6 14. Be3 Nf5 15.
Bf4 Qb6 16. Qa3 Qc5 17. Qxc5 Nxc5 18. Rac1 Bd7 19. Ne5 Be8 20. h3 Nd6 21. Nc4
Nxc4 22. Bxc4 Bd7 23. Bb5 Rfd8 24. Bxd7 Rxd7 25. Be3 Bxc3 26. Rxc3 Ne4 27. Rc2
b6 28. Rd4 f5 29. f3 Nf6 30. Bg5 Ne8 31. Re2 Kf7 32. g4 Nd6 33. Re6 Rc8 34. Rd2
Re8 35. Rde2 Nb5 36. R6e5 fxg4 37. fxg4 Nc7 38. Rd2 Na6 39. Rf2+ Kg8 40. d6 e6
41. Be7 Nc5 42. Re3 a5 43. b3 e5 44. a3 e4 45. b4 axb4 46. axb4 Nd3 47. Rfe2
Nxb4 48. Rxe4 Nc6 49. Kg2 Na7 50. Kg3 Nc8 51. Re6 b5 52. Rb2 Rb7 53. Rxb5 Nxd6
54. Bxd6 Rxe6 55. Rxb7 Rxd6 1/2-1/2

[Event "5th Kolkata Open"]
[Site "Kolkata IND"]
[Date "2012.12.10"]
[Round "8"]
[White "Stany,G"]
[Black "Paragua,M"]
[Result "1-0"]
[WhiteTitle "IM"]
[BlackTitle "GM"]
[WhiteElo "2437"]
[BlackElo "2533"]
[WhiteFideId "5029104"]
[BlackFideId "5201241"]
[EventDate "2012.12.03"]

1. e4 c5 2. Nf3 e6 3. b3 a6 4. c4 Nc6 5. Bb2 Qc7 6. Nc3 Nf6 7. g3 Rb8 8. Bg2 b5
9. d3 Be7 10. O-O O-O 11. Re1 bxc4 12. dxc4 d6 13. Nd2 Nd7 14. f4 Bf6 15. Nf3
Bb7 16. Qd2 Nd4 17. Nd1 e5 18. Bxd4 cxd4 19. f5 Nc5 20. Nf2 Bd8 21. Re2 a5 22.
Ne1 a4 23. b4 Nd7 24. Qc1 Nb6 25. Rc2 Rc8 26. Bf1 Nd7 27. a3 h6 28. Nf3 d5 29.
Bd3 dxe4 30. Bxe4 Bxe4 31. Nxe4 Nf6 32. Qe1 Ng4 33. c5 Ne3 34. Re2 Nxf5 35. Nxe5
Qxe5 36. Nd6 Qd5 37. Re5 Qb3 38. Rxf5 Rc7 39. Qd1 Bg5 40. Qxb3 axb3 41. Rb1 d3
42. Rxb3 d2 43. Rd3 Re7 44. Rfd5 Ra8 45. Nc4 Re4 46. Nxd2 Bxd2 47. Rd8+ 1-0

[Event "5th Kolkata Open"]
[Site "Kolkata IND"]
[Date "2012.12.10"]
[Round "8"]
[White "Narayanan,Sri"]
[Black "Venkatesh,M"]
[Result "1/2-1/2"]
[WhiteTitle "IM"]
[BlackTitle "GM"]
[WhiteElo "2439"]
[BlackElo "2520"]
[WhiteFideId "5018420"]
[BlackFideId "5005779"]
[EventDate "2012.12.03"]

1. e4 e5 2. Nf3 Nc6 3. Bc4 Nf6 4. d3 Be7 5. O-O O-O 6. Re1 d6 7. a4 Na5 8. Ba2
c5 9. Bd2 Nc6 10. Nc3 Bg4 11. h3 Bh5 12. Nd5 Qd7 13. Nxe5 Nxe5 14. Nxf6+ Bxf6
15. Qxh5 Kh8 16. f4 g6 17. Qe2 Nc6 18. c3 Bh4 19. Rf1 f5 20. exf5 Qxf5 21. Qf3
Rae8 22. Bd5 Qd7 23. g3 Bf6 24. Qg2 Ne7 25. Bf3 Nf5 26. Be4 d5 27. Bxf5 1/2-1/2

[Event "5th Kolkata Open"]
[Site "Kolkata IND"]
[Date "2012.12.10"]
[Round "8"]
[White "Kunte,A"]
[Black "Rathnakaran,K"]
[Result "1-0"]
[WhiteTitle "GM"]
[BlackTitle "IM"]
[WhiteElo "2511"]
[BlackElo "2435"]
[WhiteFideId "5002265"]
[BlackFideId "5005507"]
[EventDate "2012.12.03"]

1. d4 Nf6 2. c4 g6 3. Nc3 Bg7 4. g3 O-O 5. Bg2 d6 6. Nf3 Nbd7 7. O-O e5 8. e4 a5
9. h3 Re8 10. Re1 exd4 11. Nxd4 Nc5 12. Ndb5 Bd7 13. Bf4 Bc6 14. Qc2 Nfd7 15.
Rad1 Ne5 16. Be3 b6 17. Nd5 Bxb5 18. cxb5 Ra7 19. f4 Ned7 20. Bf2 Qc8 21. Kh2
Kh8 22. b3 Qd8 23. Qc4 g5 24. Ne3 gxf4 25. gxf4 Ne6 26. Bg3 Rg8 27. e5 a4 28. b4
Nxf4 29. Bxf4 Nxe5 30. Qe4 Ng6 31. Bg3 Bc3 32. Rf1 h5 33. Qf5 1-0